Personnages de The Walking Dead (série) - Statistiques

Statistiques générales
  • Ce quiz a été pris 359 fois
  • Le résultat moyen est 38 sur 59
Statistiques - réponses
Description Nom % Correct
Personnage principal de la série, adjoint du shérif du comté de King. Rick Grimes
100%
Femme battue, fait partie du camps de survivants d'Atlanta. Carol Peletier
99%
Jeune garçon, fils de Rick. Carl Grimes
98%
Tête brûlée au caractère difficile, fait partie du camp de survivants d'Atlanta. Daryl Dixon
98%
Ancien livreur de pizzas coréen, sauveur de Rick à Atlanta. Glenn Rhee
96%
Fille aînée de ce dernier et femme de Glenn. Maggie Greene
96%
Amante de ce dernier et femme du personnage principal. Lori Grimes
93%
Sabreuse dotée d'un incroyable instinct de survie. Michonne
93%
Meilleur ami et collègue de ce dernier. Shane Walsch
93%
Soeur supposée adultérine de ce dernier. Judith Grimes
91%
Femme de caractère, fait partie du camp de survivants d'Atlanta. Andrea Harrison
90%
Frère aîné de ce dernier et bras droit à Woodbury. Merle Dixon
90%
Dirigeant autoritaire et charismatique de Woodbury. antagoniste principal de la saison 3. Philip Blake ou Le Gouverneur ou Brian Heriot
90%
Patriarche veuf de la famille Greene, doyen et médecin du groupe de Rick. Hershel Greene
88%
Apprend à Rick ce qu'il se passe dans la saison 1, rejoint Rick dans la saison 5. Morgan Jones
87%
Chef des sauveurs et antagoniste principal à partir de la saison 6. Negan
85%
Elle accueille le Gouverneur dans la saison 4. Découvre la communauté d'Oceanside dans la saison 7. Tara Chambler
83%
Compagne d'Abraham, elle forme les siens au maniement de la machette. Rosita Espinosa
82%
Sergent de l'armée des vétérans, dur à cuire du groupe de Rick. Abraham Ford
81%
Demi-soeur de cette dernière. Beth Greene
81%
"Scientifique qui étudie la maladie", change de camp dans la saison 7. Eugene Porter
81%
Prêtre peureux, borgne de l'œil droit. Gabriel Stokes
81%
Tireur de précision du groupe, capturée par les Sauveurs dans la saison 7. Sasha Williams
77%
Fille de ces derniers, intime avec Carl dans la première saison. Sophia Peletier
75%
Recruteur d'Alexandria, homosexuel. Aaron
72%
Prisonnier du Terminus, il se fait couper et manger la jambe par les cannibales. Bob Stookey
72%
Mari de cette dernière. Ed Peletier
72%
Jeune habitante d'Alexandria, développe une relation amoureuse avec Carl. Enid
69%
Membre de la Colline, agile, rapide et formé aux arts martiaux. Dirige la Colline en l'absence de Maggie. Paul Rovia ou Jesus
69%
Soeur de cette dernière. Amy Harrison
68%
Vétéran du camp de survivants d'Atlanta. Dale Horvath
68%
Roi, dirigeant et fondateur du Royaume. Ezekiel
67%
Frère de cette dernière. Tyreese Williams
65%
Meneuse des Chuchoteurs. Alpha
63%
Vole la moto et l'arbalète de Daryl, il finit défiguré par une brûlure. Dwight
63%
Second chef des Chuchoteurs. Beta
61%
Compagnon de ce dernier. Eric Raleigh
52%
Second homme des sauveurs, chargé de récupérer les vivres fournis par la Colline. Simon
51%
Garde du corps de ce dernier. Jerry
50%
Ancienne politicienne devenue chef d'Alexandria. Deanna Monroe
49%
Dirigeant menteur et lâche de la Colline. Gregory
48%
Dirigeant du groupe des Scavengers, groupe opportuniste qui se cache dans une décharge. Anne ou Jadis
47%
Fils cadet, tireur du précision de la communauté, s'oppose à la prise de commandement de Rick à Alexandria. Spencer Monroe
45%
Fille de cette dernière. Lydia
43%
Cannibale, capture Rick et les autres au Terminus. Gareth
42%
Petit frère de ce dernier. Terrorisé des rodeurs à cause de Carol. Sam Anderson
41%
Ancienne détenue, meneuse du groupe ramené par Judith. Magna
39%
Compagne de cette dernière, fait partie du groupe ramené par Judith. Yumiko
39%
Elle est sourde et communique par le langage des signes. Connie
38%
Fils aîné de cette dernière. Ron Anderson
37%
Coiffeuse et mère de famille, elle a une brève relation avec Rick à Alexandria. Jessie Anderson
36%
Elle accueille le Gouverneur dans la saison 4 et tombe amoureuse de celui-ci. Soeur de Tara. Lily Chambler
36%
Père violent de ces derniers. Pete Anderson
33%
Médecin attitré d'Alexandrie Siddiq
31%
Fille de cette dernière. Nièce de Tara. Megan
28%
Soeur cadette de cette dernière. Kelly
26%
Fils aîné de ces derniers. Aiden Monroe
24%
Membre des Sauveurs, rejoint le groupe de Rick. Alden
22%
Mari de cette dernière. Reg Monroe
22%
Aucun quiz correspondant
Distribution des résultats
% des personnes avec chaque résultat
Percentile par nombre de réponses
Votre historique - résultats
Vous n’avez pas pris ce quiz